书目信息 |
| 题名: |
亚洲区域合作路线图
|
|
| 作者: | 秦华孙 , 王顺柱 , 谷源洋 主编 | |
| 分册: | ||
| 出版信息: | 北京 时事出版社 2006 |
|
| 页数: | 407页 | |
| 开本: | 24cm | |
| 丛书名: | 专家纵论 | |
| 单 册: | ||
| 中图分类: | F114.46 | |
| 科图分类: | ||
| 主题词: | 区域经济合作--研究--亚洲 | |
| 电子资源: | ||
| ISBN: | 7-80232-022-4 | |
| 000 | 01196oam2 2200337 450 | |
| 001 | 012004065096 | |
| 005 | 20070807144713.42 | |
| 009 | 012004065096 | |
| 010 | @a7-80232-022-4@dCNY55.00 | |
| 035 | @a(110120)012006081892 | |
| 100 | @a20060828d2006 em y0chiy0110 ea | |
| 101 | 0 | @achi@eeng |
| 102 | @aCN@b110000 | |
| 105 | @ay z 000yy | |
| 106 | @ar | |
| 200 | 1 | @a亚洲区域合作路线图@Aya zhou qu yu he zuo lu xian tu@f秦华孙,王顺柱,谷源洋主编@Fqin hua sun, wang shun zhu, gu yuan yang zhu bian |
| 210 | @a北京@c时事出版社@d2006 | |
| 215 | @a407页@d24cm | |
| 225 | 2 | @a专家纵论@Azhuan jia zong lun |
| 300 | @a北京外国问题研究会 | |
| 312 | @a封面英文题名:Road map for Asian regional cooperation | |
| 330 | @a本书分析了亚洲区域合作的现状、态势、特点,讲述了中国与亚洲区域合作中与有关国家和地区合作的战略思考及未来的发展方向等。 | |
| 461 | 0 | @12001 @a专家纵论 |
| 510 | 1 | @aRoad map for Asian regional cooperation@zeng |
| 606 | 0 | @a区域经济合作@x研究@y亚洲 |
| 690 | @aF114.46@v4 | |
| 701 | 0 | @a秦华孙@Aqin hua sun@4主编 |
| 701 | 0 | @a王顺柱@Awang shun zhu@4主编 |
| 701 | 0 | @a谷源洋@Agu yuan yang@4主编 |
| 801 | 0 | @aCN@b110120@c20070807 |
| 905 | @dF114.46@e137@f1 | |
| 亚洲区域合作路线图/秦华孙,王顺柱,谷源洋主编.-北京:时事出版社,2006 |
| 407页;24cm.-(专家纵论) |
| 北京外国问题研究会 |
| ISBN 7-80232-022-4:CNY55.00 |
| 本书分析了亚洲区域合作的现状、态势、特点,讲述了中国与亚洲区域合作中与有关国家和地区合作的战略思考及未来的发展方向等。 |
| ● |
| 相关链接 |
|
|
|
|
正题名:亚洲区域合作路线图
索取号:F114.46/137
 
预约/预借
| 序号 | 登录号 | 条形码 | 馆藏地/架位号 | 状态 | 备注 |
| 1 | 0853983 | 208539839 | 第一样本阅览室/ [索取号:F114.46/137] | 在馆 |